Островной говор Томской области как отдельная диалектная субсистема немецкого языка; Актуальные проблемы немецкой островной диалектологии (памяти Г. Г. Едига)

Dades bibliogràfiques
Parent link:Актуальные проблемы немецкой островной диалектологии (памяти Г. Г. Едига).— 2008.— С. 4-10
Autor principal: Александров О. А. Олег Анатольевич
Altres autors: Богословская З. М. Зоя Матиновна
Sumari:В фонде НТБ ТПУ отсутствует
Idioma:rus
Publicat: 2008
Matèries:
Format: MixedMaterials Capítol de llibre
KOHA link:https://koha.lib.tpu.ru/cgi-bin/koha/opac-detail.pl?biblionumber=597348

MARC

LEADER 00000naa0a2200000 4500
001 597348
005 20250205094949.0
035 |a (RuTPU)RU\TPU\tpu\20583 
090 |a 597348 
100 |a 20120125d2008 k y0rusy50 ca 
101 0 |a rus 
102 |a RU 
200 1 |a Островной говор Томской области как отдельная диалектная субсистема немецкого языка  |f О. А. Александров, З. М. Богословская 
320 |a Библиогр.: с. 9-10 (6 назв.) 
333 |a В фонде НТБ ТПУ отсутствует 
463 |t Актуальные проблемы немецкой островной диалектологии (памяти Г. Г. Едига)  |o материалы Всероссийского научно-праткического семинара, Красноярск, 2-4 июня 2008 г.  |v С. 4-10  |d 2008 
610 1 |a труды учёных ТПУ 
700 1 |a Александров  |b О. А.  |c лингвист  |c доцент Томского политехнического университета, кандидат филологических наук  |f 1979-  |g Олег Анатольевич  |3 (RuTPU)RU\TPU\pers\24739 
701 1 |a Богословская  |b З. М.  |c лингвист  |c профессор Томского политехнического университета, доктор филологических наук  |f 1953-  |g Зоя Матиновна  |3 (RuTPU)RU\TPU\pers\24740  |4 070 
801 1 |a RU  |b 63413507  |c 20120125 
801 2 |a RU  |b 63413507  |c 20130424  |g RCR 
942 |c BK